| 000 | 00493nam a2200181Ia 4500 | ||
|---|---|---|---|
| 001 | 13215 | ||
| 005 | 20260306163037.0 | ||
| 008 | 260306t1999||||xx |||||||||||||| ||spa|| | ||
| 041 | _aESP | ||
| 082 |
_a001.42 _bC17 |
||
| 100 |
_aCalello, Hugo _eAUT |
||
| 245 | 0 |
_aMétodo y antimétodo: _bProceso y diseño de la investigación interdisciplinaria en ciencias humanas |
|
| 260 | _c1999 | ||
| 300 |
_a278 páginas : _c22 cm. |
||
| 650 | _aGEN | ||
| 654 | _aCHU | ||
| 942 |
_cLIB _dJUS _fJUS _2ddc _n |
||
| 999 |
_c13215 _d13215 |
||